000 00384nam a2200145Ia 4500
008 240624s9999 xx 000 0 und d
041 _aeng
082 _a158.3 NYS
100 _aNYSTUL MICHAEL S
245 _aINTRODUCTION TO COUNSELING AN ART AND SC
250 _a(4th ed.)
260 _c2011
_aBoston
_bPearson Education
300 _axxiii, : 517 : p. : cm. ; 23
365 _c
_b25
999 _c19623
_d19623